| 000 | 00629nam a2200193 i 4500 | ||
|---|---|---|---|
| 001 | 132792 | ||
| 003 | ES-MaACL | ||
| 005 | 20230906194242.0 | ||
| 007 | t| | ||
| 008 | 070214s1969 ve r ||||1| spa d | ||
| 100 | 1 |
_aRosenblat, Angel. _999732 |
|
| 245 | 1 | 0 |
_aBuenas y malas palabras en el castellano de Venezuela / _cAngel Rosenblat ; prólogo de Mariano Picón Salas. |
| 250 | _a3ª. ed. corr. y aum. | ||
| 260 |
_aCaracas : _bMediterráneo, _c1969. |
||
| 300 |
_a4 v. ; _c19 cm. |
||
| 650 | 4 |
_aLengua española- _zVenezuela. _9162059 |
|
| 700 | 1 |
_aPicón Salas, Mariano. _991879 |
|
| 852 |
_aES-MaACL _jC-48139-42 _bR.74584 |
||
| 999 |
_c132792 _d132792 |
||